| 000 | 01162cam a22002894a 4500 | ||
|---|---|---|---|
| 001 | 4048868 | ||
| 005 | 20230413154238.0 | ||
| 008 | 990412s2000 ohua b 001 0 eng | ||
| 010 | _a 99027530 | ||
| 020 | _a0324003218 (hc. : alk. paper) | ||
| 040 |
_aDLC _cDLC _dDLC |
||
| 042 | _apcc | ||
| 050 | 0 | 0 |
_aHD30.25 _b.A53 2000 |
| 082 | 0 | 0 |
_a658.4 _221 _bAND |
| 100 | 1 |
_aAnderson, David R. _q(David Ray), _d1941- _9111901 |
|
| 245 | 1 | 3 |
_aAn introduction to management science : _bquantitative approaches to decision making / _cDavid R. Anderson, Dennis J. Sweeney, Thomas A. Williams. |
| 250 | _a9th ed. | ||
| 260 |
_aCincinnati : _bSouth-Western College Pub., _c2000. |
||
| 300 |
_axix, 848, 46, 6 p. : _bill. ; _c27 cm. |
||
| 504 | _aIncludes bibliographical references (p. A-7-A-8) and index. | ||
| 650 | 0 |
_aManagement science. _913843 |
|
| 700 | 1 |
_aSweeney, Dennis J. _9111902 |
|
| 700 | 1 |
_aWilliams, Thomas A. _q(Thomas Arthur), _d1944- _9111903 |
|
| 906 |
_a7 _bcbc _corignew _d1 _eocip _f19 _gy-gencatlg |
||
| 942 |
_2ddc _cBK |
||
| 999 |
_c594509 _d594509 |
||